00597nam a2200169 i 4500001000300000100003200003245009300035260002100128040000800149041000800157942000700165008004100172999001500213856009700228952005100325952005100376bg1 aLIPIEC-ZAJCHOWSKA, Marianna 0aMetody symulacji komputerowej w programowaniu makroekonomicznym /cM. Lipiec-Zajehowska. aWarszawa,c1990. cBPK apol cKS s pl f |000 0 pol  c4450d4450 uhttp://koha.tu.koszalin.pl/cgi-bin/koha/opac-detail.pl?biblionumber=4450yKatalog online BPK 00104070aBPKbBPKcwoP 41286p02007526yKS 00104070aBPKbBPKcwoP 41287p02007533yKS